000 00449nam a2200121Ia 4500
008 171212s9999 xx 000 0 und d
245 _ceditor Chapman, John W.
_aCompensatory Justice
_bNomos XXXIII
260 _bNew York University Press
_c1991
440 _aNOMOS - American Society for Political and Legal Philosophy
650 _aCompensation (Law) -- Philosophy -- Congresses
650 _aLaw
856 _uhttp://www.jstor.org/stable/j.ctt9qfzn3
999 _c351527
_d351527